| 000 | 00609nam a22001937a 4500 | ||
|---|---|---|---|
| 999 |
_c13621 _d13621 |
||
| 003 | AR-CdUCM | ||
| 008 | 190415b ||||| |||| 00| 0 spa d | ||
| 040 |
_aMUNICIPALIDAD PROVINCIAL DEL CUSCO _cBIBLIOTECA MUNICIPAL DEL CUSCO |
||
| 082 |
_a800.498 / _bV21 |
||
| 100 |
_aValencia Vargas, Faustino _927000 |
||
| 245 | _aAlgunos Aspectos del Folklore en la Convención / | ||
| 260 |
_aCuzco : _bH. G. Rozas S. A. ; _c1961. |
||
| 300 |
_a107 páginas ; _c21cm |
||
| 505 | _aContenido: Folclore | ||
| 650 |
_aLa Convención _98740 |
||
| 650 |
_aCusco _9772 |
||
| 942 |
_2ddc _cLIBROS |
||
| 945 |
_anom _d2019-04-15 |
||